000 00282nam a2200121Ia 4500
008 190723s9999 xx 000 0 und d
020 _a978-0-857-08592-4
100 _aLucy Whittington
245 0 _aFind your Thing
260 _aUk
_bCapstone
_c2015
300 _a162.:p
942 _cBK
999 _c1673
_d1673